Districts of Austria - Statistics

General Stats
  • This quiz has been taken 47 times
  • The average score is 71 of 94
Answer Stats
Hint Answer % Correct
Innsbruck
97%
Innsbruck-Land
97%
Klagenfurt am Wörthersee
97%
Klagenfurt-Land
97%
Vienna Vienna
97%
Bregenz
94%
Dornbirn
94%
Burgenland Eisenstadt
94%
Eisenstadt-Umgebung
94%
Graz
94%
Graz-Umgebung
94%
Linz
94%
Linz-Land
94%
Salzburg
94%
Salzburg-Umgebung
94%
Villach
94%
Villach-Land
94%
Lower Austria Amstetten
91%
St. Pölten
88%
St. Pölten-Land
88%
Wels
88%
Wels-Land
88%
Zell am See
88%
Kufstein
85%
Tulln
85%
Baden
82%
Vorarlberg Bludenz
82%
Feldkirch
82%
Salzburg Hallein
82%
Mattersburg
82%
Sankt Johann im Pongau
82%
Upper Austria Braunau am Inn
79%
Gmünd
79%
Krems an der Donau
79%
Krems-Land
79%
Liezen
79%
Neusiedl am See
79%
Styria Bruck-Mürzzuschlag
76%
Gmunden
76%
Lienz
76%
Waidhofen an der Thaya
76%
Waidhofen an der Ybbs
76%
Wiener Neustadt
76%
Wiener Neustadt-Land
76%
Wolfsberg
76%
Freistadt
73%
Korneuburg
73%
Leoben
73%
Mödling
73%
Ried im Innkreis
73%
Steyr
73%
Steyr-Land
73%
Tamsweg
73%
Urfahr-Umgebung
73%
Vöcklabruck
73%
Bruck an der Leitha
70%
Gänserndorf
70%
Hollabrunn
70%
Tyrol Imst
70%
Kitzbühel
70%
Neunkirchen
70%
Oberwart
70%
Spittal an der Drau
70%
Voitsberg
70%
Zwettl
70%
Carinthia Feldkirchen
67%
Horn
67%
Melk
67%
Murtal
67%
Perg
67%
Reutte
67%
Sankt Veit an der Glan
67%
Eferding
64%
Hermagor
64%
Leibnitz
64%
Schwaz
64%
Völkermarkt
64%
Grieskirchen
61%
Güssing
61%
Jennersdorf
61%
Kirchdorf an der Krems
61%
Lilienfeld
61%
Mistelbach
61%
Oberpullendorf
61%
Rohrbach
61%
Schärding
61%
Weiz
61%
Deutschlandsberg
58%
Hartberg-Fürstenfeld
58%
Landeck
58%
Rust
58%
Südoststeiermark
58%
Murau
55%
Scheibbs
55%
No matching quizzes found
Score Distribution
Percent of People with Each Score
Percentile by Number Answered
Your Score History
You have not taken this quiz